Chủ nghĩa quốc tế Mỹ = American Internationalism

Sách mô tả quá trình hợp tác nhất trí và sự lãnh đạo tích cực của Mỹ nhằm hoàn thành những trách nhiệm toàn cầu và giữ đựoc những nguyên tắc chính trị cơ bản của nước Mỹ.

Na minha lista:
Detalhes bibliográficos
Formato: Livro
Idioma:Undetermined
Publicado em: Hà Nội Thanh Niên 2007
Assuntos:
Tags: Adicionar Tag
Sem tags, seja o primeiro a adicionar uma tag!
Thư viện lưu trữ: Trung tâm Học liệu Trường Đại học Cần Thơ
LEADER 00801nam a2200181Ia 4500
001 CTU_152371
008 210402s9999 xx 000 0 und d
082 |a 327.170973 
082 |b Ch500 
245 0 |a Chủ nghĩa quốc tế Mỹ = 
245 0 |b American Internationalism 
260 |a Hà Nội 
260 |b Thanh Niên 
260 |c 2007 
520 |a Sách mô tả quá trình hợp tác nhất trí và sự lãnh đạo tích cực của Mỹ nhằm hoàn thành những trách nhiệm toàn cầu và giữ đựoc những nguyên tắc chính trị cơ bản của nước Mỹ. 
650 |a Internationalism,Chủ nghĩa quốc tế 
904 |i Dương + Hằng 
980 |a Trung tâm Học liệu Trường Đại học Cần Thơ